<?xml version="1.0" encoding="UTF-8"?><?xml-stylesheet type="text/xsl" href="static/style.xsl"?><OAI-PMH xmlns="http://www.openarchives.org/OAI/2.0/" xmlns:xsi="http://www.w3.org/2001/XMLSchema-instance" xsi:schemaLocation="http://www.openarchives.org/OAI/2.0/ http://www.openarchives.org/OAI/2.0/OAI-PMH.xsd"><responseDate>2026-04-17T10:46:26Z</responseDate><request verb="GetRecord" identifier="oai:www.recercat.cat:20.500.12327/372" metadataPrefix="marc">https://recercat.cat/oai/request</request><GetRecord><record><header><identifier>oai:recercat.cat:20.500.12327/372</identifier><datestamp>2025-10-22T11:16:06Z</datestamp><setSpec>com_2072_4428</setSpec><setSpec>com_2072_4427</setSpec><setSpec>col_2072_487898</setSpec></header><metadata><record xmlns="http://www.loc.gov/MARC21/slim" xmlns:dcterms="http://purl.org/dc/terms/" xmlns:xsi="http://www.w3.org/2001/XMLSchema-instance" xmlns:doc="http://www.lyncode.com/xoai" xsi:schemaLocation="http://www.loc.gov/MARC21/slim http://www.loc.gov/standards/marcxml/schema/MARC21slim.xsd">
   <leader>00925njm 22002777a 4500</leader>
   <datafield ind2=" " ind1=" " tag="042">
      <subfield code="a">dc</subfield>
   </datafield>
   <datafield ind2=" " ind1=" " tag="720">
      <subfield code="a">Díaz-Montenegro, José</subfield>
      <subfield code="e">author</subfield>
   </datafield>
   <datafield ind2=" " ind1=" " tag="720">
      <subfield code="a">Varela, Elsa</subfield>
      <subfield code="e">author</subfield>
   </datafield>
   <datafield ind2=" " ind1=" " tag="720">
      <subfield code="a">Gil, José María</subfield>
      <subfield code="e">author</subfield>
   </datafield>
   <datafield ind2=" " ind1=" " tag="260">
      <subfield code="c">2018-08-09</subfield>
   </datafield>
   <datafield ind2=" " ind1=" " tag="520">
      <subfield code="a">This study identifies the livelihood strategies pursued by small cacao farmers in the Guayas coastal region inEcuador, where two distinct cacao varieties are grown: thefineflavor variety, Cacao Nacional (CN), and a hybridvariety (CCN-51). Enhancing CN production is regarded as an economic development strategy since CN varietybeans are characterized by premium prices in international markets. This study aims to assess the trade-offsfaced by small cacao producers in the production of specialty (CN) vs. commodity (CCN-51) cacao and how theyaffect their livelihoods. A detailed household survey sampled 188 households. Based on activity variables, fourlatent profiles of livelihood strategies were identified, which were related to capital asset endowment and in-come share variables. The results show that there was not a clear gap between cultivation of CN and CCN-51, as60% of the sampled households simultaneously grew both varieties. The results indicate that the variable“shareof land allocated to CN”does not significantly contribute to discriminating among profiles. Households with alow share of land allocated to CCN-51 showed higher income diversification strategies and vice versa. Our studyalso shows that the lack of appropriate incentives may threaten the future cultivation of CN since the Nationalpolicy for CN rehabilitation has had little impact on the more cacao-driven profiles that have a lower assetendowment. The design, structuring and maintenance of a domestic differentiated value chain for the CNvariety, together with income diversification measures and prior improvement on the asset endowment of theseprofiles, seems to be the pathway to improve the livelihoods of small farmers and increase the success of thecurrent policy forfineflavor cacao rehabilitation at the national level</subfield>
   </datafield>
   <datafield ind1="8" ind2=" " tag="024">
      <subfield code="a">Díaz-Montenegro, José, Elsa Varela, and José María Gil. 2018. "Livelihood Strategies Of Cacao Producers In Ecuador: Effects Of National Policies To Support Cacao Farmers And Specialty Cacao Landraces". Journal Of Rural Studies 63: 141-156. Elsevier BV. doi:10.1016/j.jrurstud.2018.08.004.</subfield>
   </datafield>
   <datafield ind1="8" ind2=" " tag="024">
      <subfield code="a">0743-0167</subfield>
   </datafield>
   <datafield ind1="8" ind2=" " tag="024">
      <subfield code="a">http://hdl.handle.net/20.500.12327/372</subfield>
   </datafield>
   <datafield ind1="8" ind2=" " tag="024">
      <subfield code="a">https://doi.org/10.1016/j.jrurstud.2018.08.004</subfield>
   </datafield>
   <datafield ind2="0" ind1="0" tag="245">
      <subfield code="a">Livelihood strategies of cacao producers in Ecuador: Effects of national policies to support cacao farmers and specialty cacao landraces</subfield>
   </datafield>
</record></metadata></record></GetRecord></OAI-PMH>